Аналитическая химия. Физико-химические методы анализа
Представлена краткая характеристика теоретических основ физико-химических методов анализа (потенциометрии, кондуктометрии, вольтамперометрии, оптических и хроматографических методов). Приведениы примеры решения типовых задач, котрольные вопросы, задачи для самостоятельного решения индивидуальные зад...
保存先:
| 第一著者: | |
|---|---|
| その他の著者: | , , |
| フォーマット: | Книга |
| 言語: | Russian |
| 出版事項: |
Кемерово
КемГУ
2007
|
| オンライン・アクセス: | http://e.lanbook.com/books/element.php?pl1_cid=25&pl1_id=4591 https://e.lanbook.com/img/cover/book/4591.jpg |
| タグ: |
タグ追加
タグなし, このレコードへの初めてのタグを付けませんか!
|
| LEADER | 03230nam0a2200313 i 4500 | ||
|---|---|---|---|
| 001 | 4591 | ||
| 003 | RuSpLAN | ||
| 005 | 20221220173859.0 | ||
| 008 | 221220s2007 ru gs 000 0 rus | ||
| 020 | |a 978-5-89289-438-8 | ||
| 040 | |a RuSpLAN | ||
| 041 | 0 | |a rus | |
| 044 | |a ru | ||
| 080 | |a 543.4 | ||
| 084 | |a 24.4 |2 rubbk | ||
| 245 | 0 | 0 | |a Аналитическая химия. Физико-химические методы анализа |c Гуськова В. П.,Сизова Л. С.,Юнникова Н. В.,Мельченко Г. Г. |
| 260 | |a Кемерово |b КемГУ |c 2007 | ||
| 300 | |a 96 с. | ||
| 500 | |a Рекомендовано Сибирским региональным учебно-методическим центром высшего профессионального образования для межвузовского использования в качестве учебного пособия для студентов всех форм обучения по направлениям подготовки 260200 «Производство продуктов питания из растительного сырья», 260500 «Технология продовольственных продуктов специального назначения и общественного питания» и специальности 080401 «Товароведение и экспертиза товаров» | ||
| 504 | |a Библиогр.: доступна в карточке книги, на сайте ЭБС Лань | ||
| 520 | 8 | |a Представлена краткая характеристика теоретических основ физико-химических методов анализа (потенциометрии, кондуктометрии, вольтамперометрии, оптических и хроматографических методов). Приведениы примеры решения типовых задач, котрольные вопросы, задачи для самостоятельного решения индивидуальные задания. Предназначена для студентов всех форм обучения по направлениям 260200 "Производство продуктов питания из растительного сырья", 260500 "Технология продовольственных продуктов специального назначения и общественного питания", 260300 "Технология сырья и продуктов животного происхождения" и специальности 080401 "Товароведение и экспертиза товаров". | |
| 521 | 8 | |a Книга из коллекции КемГУ - Технологии пищевых производств | |
| 100 | 1 | |a Гуськова В. П. | |
| 700 | 1 | |a Сизова Л. С. | |
| 700 | 1 | |a Юнникова Н. В. | |
| 700 | 1 | |a Мельченко Г. Г. | |
| 856 | 4 | |u http://e.lanbook.com/books/element.php?pl1_cid=25&pl1_id=4591 | |
| 856 | 4 | 8 | |u https://e.lanbook.com/img/cover/book/4591.jpg |
| 953 | |a https://e.lanbook.com/img/cover/book/4591.jpg | ||